| 000 | 00939nam a2200241Ia 4500 | ||
|---|---|---|---|
| 003 | OSt | ||
| 005 | 20260130064312.0 | ||
| 008 | 160316s2003 xxu||||| |||| 00| 0 eng d | ||
| 020 | _a9788186706503 | ||
| 040 | _cn | ||
| 082 | _a305.42 SRI | ||
| 100 | _aSrilata K | ||
| 245 |
_aThe other half of the coconut _bWomen writing self-respect history , An anthology of self-respect literature 1928-1936/ _cK Srilata |
||
| 260 |
_aNew Delhi : _bKali For Women , _c2003 |
||
| 300 |
_a198p. ; _cxiii |
||
| 365 | _bRs.300 | ||
| 505 | _aContents: Sect. 1. Stories, treatises and essays by women self-respecters; sect. 2. The self-respect novel; App. Essays, speeches and letters by Periyar E.V. Ramasami Naicker | ||
| 650 | _aWomen's Movement - Self Respect - A History | ||
| 650 | _aSelf Respect Movement - Women - A Critique | ||
| 650 | _aSelf Respect - Collection - Essays - Fiction - 1928 - 1936 | ||
| 700 |
_a _a |
||
| 942 |
_2ddc _cBK |
||
| 999 |
_c20206 _d20206 |
||